Một số qui định pháp luật về quản lý tổ chức hoạt động của các hội đoàn thể xã hội

Gespeichert in:
Bibliographische Detailangaben
1. Verfasser: Trần Minh Vỹ
Format: Buch
Sprache:Undetermined
Veröffentlicht: H. Lao Động 2002
Schlagworte:
Tags: Tag hinzufügen
Keine Tags, Fügen Sie den ersten Tag hinzu!
Thư viện lưu trữ: Trung tâm Học liệu Trường Đại học Cần Thơ
LEADER 00628nam a2200193Ia 4500
001 CTU_52284
008 210402s9999 xx 000 0 und d
020 |b 43000 
082 |a 342.597'087 
082 |b V600 
100 |a Trần Minh Vỹ 
245 0 |a Một số qui định pháp luật về quản lý tổ chức hoạt động của các hội đoàn thể xã hội 
245 0 |c Trần Minh Vỹ 
260 |a H. 
260 |b Lao Động 
260 |c 2002 
650 |a social groups,administrative law 
650 |z vietnam 
980 |a Trung tâm Học liệu Trường Đại học Cần Thơ